000 00327nam a2200145Ia 4500
008 191201s2004 xx 000 0 und d
082 _a658.562
_bSUT
100 _aSUGANTHI, L
245 0 _aTotal Quality Management
250 _aED
260 _aN.Delhi
_bPHI
_c2004
300 _a394
650 _aB.Tech(ME)
942 _2ddc
_cBK
999 _c775
_d775